| 000 | 00662nam a2200193Ia 4500 | ||
|---|---|---|---|
| 999 |
_c38530 _d38530 |
||
| 003 | GCL | ||
| 005 | 20240530103325.0 | ||
| 008 | 140319s9999 xx 000 0 ara d | ||
| 040 |
_aGCL / _cGCL |
||
| 082 | 0 | 4 |
_a808.83 _bم م |
| 100 | 1 | _aمنير عبدالامير | |
| 245 | 1 | 0 |
_aمساء هادى : _bمختارات من القصص العالمى: (هدية من الاديب عبدالفتاح الجمل) / _cمنير عبدالامير |
| 300 | _a112 ص | ||
| 650 | 0 | 4 | _aالقصص القصيرة |
| 650 | 0 | 4 | _aالقصص |
| 650 | 0 | 4 | _aالادب المترجم - مجموعات |
| 650 | 0 | 4 | _aالادب المترجم للعربية |
| 942 |
_2ddc _cBK |
||